00749nam a22001937a 450000500170000001000150001702000260003203500140005803700130007208200080008510000260009324500820011926000670020127000730026830000200034194200220036199900190038395201530040220240328141349.0 aENG-139182 c595.00a9789357056090 aEN-122714 bDBAD/PUB a540 aJoshi , Vishal964054 aChemistry for NEET:bNational Eligibility Cum Entrance Exam/cBy Vishal Joshi aUttar Pradesh bPearson india Education Services Pvt.Ltdc2024 aIst floor ,Berger Tower ,Plot No.C-001a/2,Sector 16BbNoidae201301 a450p.c26cm(pb) 2ddccENh540mJOS c200673d200673 001040708NFICaBNbBNd2024-02-12eDBADg595.00l7m2o540 JOSpEN-122714q2026-06-26r2026-06-12 15:54:10s2026-06-12t1v595.00w2024-02-12yEN